| 000 | 00813cam a22002773a 4500 | ||
|---|---|---|---|
| 001 | 7437 | ||
| 003 | PGUSA | ||
| 005 | 20140828083144.0 | ||
| 008 | 050201s2005||||xxu|||||s|||||000 1 eng d | ||
| 040 |
_aPGUSA _beng |
||
| 042 | _adc | ||
| 050 | 4 | _aPZ | |
| 050 | 4 | _aPS | |
| 100 | 1 |
_aWalton, O. F., _cMrs, _d1849-1939 |
|
| 245 | 1 | 2 |
_aA Peep Behind the Scenes _h[electronic resource] / _cO. F., Walton |
| 260 |
_bProject Gutenberg, _c2005 |
||
| 506 | _aPublic domain in the USA. | ||
| 516 | _aElectronic text | ||
| 653 | _aFamily problems -- Juvenile fiction | ||
| 653 | _aChristian life -- Juvenile fiction | ||
| 653 | _aTheater -- Juvenile fiction | ||
| 653 | _aConduct of life -- Juvenile fiction | ||
| 830 | 0 |
_aProject Gutenberg _v7437 |
|
| 856 | 4 | 0 | _uhttp://www.gutenberg.org/ebooks/7437 |
| 942 | _cEB | ||
| 999 |
_c236757 _d236757 |
||